| 000 | nam a22 a 4500 | ||
|---|---|---|---|
| 999 |
_c449240 _d449240 |
||
| 003 | BLK | ||
| 005 | 20221208031203.0 | ||
| 008 | 180412b bul rap|r|||| r0| ||bulo| | ||
| 020 | _a9786191643127 | ||
| 040 | _aBLK | ||
| 041 |
_aBUL _cBUL |
||
| 080 |
_aБългарска литература _b821.163.2 _x-93-34 _z821.163.2-93-34 |
||
| 100 |
_9471716 _aГелев, Сотир Георгиев _eпърви автор |
||
| 139 |
_aГелев, Сотир Георгиев и др. _bГ 28 |
||
| 245 | 1 | 0 |
_aВиола _cСотир Гелев; съавт. Пенко Гелев; худож. Сотир Гелев, Пенко Гелев. |
| 257 | _aBGR | ||
| 260 |
_aСофия _bEnthusiast _c2021 _9215899 _n978-619-164- ; 978-954-2958- ; 978-954-8657- _f[София] : Алианс принт |
||
| 300 |
_a144 с. _bс цв. ил. _c18x25 см |
||
| 380 | _aDX | ||
| 490 |
_9207775 _aChildren's Books |
||
| 500 | _aКн. е създ. по аним. филм "Виола", а историята е вдъхновена от разказа на Жерар дьо Нервал "Соната на дявола" | ||
| 653 | _aдетска литература | ||
| 700 |
_aГелев, Пенко Георгиев _eсъавт. _91445 |
||
| 700 |
_aГелев, Сотир Георгиев _eхудож. _91637 |
||
| 700 | 1 |
_aГелев, Пенко Георгиев _eхудож. _951720 |
|
| 852 |
_aЦб І 41006 _bЦб |
||
| 942 |
_cKNG _n0 _s1 |
||
| 944 |
_aCR _c2022-06-03 |
||